Musique- Les 10 plus grandes popstars de 2024 selon Billboard - Statistiques

Statistiques générales
  • Ce quiz a été pris 708 fois
  • Le résultat moyen est 6 sur 20
Statistiques - réponses
Classement Artiste % Correct
3e Taylor Swift
85%
7e Beyoncé
77%
2e Sabrina Carpenter
66%
6e Ariana Grande
61%
9e Billie Eilish
58%
Mention honorable Olivia Rodrigo
44%
Mention honorable Bruno Mars
43%
Mention honorable Drake
37%
Mention honorable Karol G
37%
1er Kendrick Lamar
30%
4e Chappell Roan
24%
Mention honorable Tate McRae
24%
5e Charli xcx
23%
Mention honorable Gracie Abrams
22%
8e Post Malone
8%
Mention honorable Tyler, The Creator
7%
Mention honorable Future
3%
Mention honorable Morgan Wallen
2%
10e Jelly Roll
1%
Mention honorable GloRilla
0%
Aucun quiz correspondant
Distribution des résultats
% des personnes avec chaque résultat
Percentile par nombre de réponses
Votre historique - résultats
Vous n’avez pas pris ce quiz